Indochine - paroles Echo-Rubis - Statistiques

Statistiques générales
  • Ce quiz a été pris 9 fois
  • Le résultat moyen est 268 sur 315
Statistiques - réponses
Réponse % Correct
à
100%
a
100%
ce
100%
Ce
100%
celle
100%
de
100%
(de
100%
D'un
100%
(d'un
100%
Et
100%
et
100%
je
100%
Je
100%
le
100%
l'écho
100%
ma
100%
qui
100%
Qui
100%
rubis
100%
sera
100%
seras
100%
seras,
100%
seras)
100%
tu
100%
Tu
100%
(tu
100%
vie
100%
vie)
100%
voie
100%
voie)
100%
avec
86%
Car
86%
cet
86%
(cet
86%
changer
86%
des
86%
destin
86%
dit
86%
dois
86%
éclat
86%
éclat)
86%
entier
86%
entier)
86%
faire
86%
fallait
86%
fuis
86%
joies
86%
joies)
86%
les
86%
m'appartient
86%
me
86%
m'enfuis
86%
moi,
86%
moi
86%
mon
86%
monde
86%
ne
86%
pour
86%
pourra
86%
que
86%
qu'on
86%
Qu'un
86%
(qu'un
86%
rester
86%
rien
86%
temps
86%
toi
86%
Toi,
86%
Toi
86%
(toi,
86%
tout
86%
toutes
86%
venu
86%
vers
86%
Voici
86%
vois
86%
voix
86%
Aux
71%
brilleras
71%
brilleras)
71%
ces
71%
comment
71%
crois
71%
dieux
71%
disaient
71%
disent
71%
est
71%
gens
71%
il
71%
J'oublie
71%
leur
71%
menteurs
71%
nous
71%
Nous
71%
offert
71%
parleurs
71%
prêcheurs
71%
sauveurs
71%
sur
71%
tous
71%
vivants,
71%
Celui
57%
Ceux
57%
d'autre
57%
devant
57%
entre
57%
éphémères
57%
haut
57%
jamais
57%
Jamais
57%
la
57%
57%
mains
57%
n'y
57%
pensaient
57%
portes
57%
Posés
57%
reçois
57%
refabriquer
57%
remets
57%
ressemblera
57%
Si
57%
si
57%
Terre
57%
tes
57%
aimera
43%
pourrons
43%
qu'il
43%
trahira
43%
m'apportera
29%
m'apprendra
29%
Nul
29%
refaire
14%
Aucun quiz correspondant
Distribution des résultats
% des personnes avec chaque résultat
Percentile par nombre de réponses
Votre historique - résultats
Vous n’avez pas pris ce quiz